LEADER 00649nas a2200181 i 4500 001 000000227353 003 CaOOAMICUS 005 20140221000000.0 008 140221b it uu u0 0ita r 013 $a206255 040 $aSeMil$bita 245 10$aScuola chiama vita. 300 $a84 p. :$bill. ;$c23 cm. 710 2 $aSeminario Arcivescovile di Milano.$0(OLS)http://semarc/name/1064 773 0 $tKairos.$dVenegono Inf. : Seminario Arcivescovile di Milano, [198?]$w()29479 850 $aSeMil 852 $aSeMil$W1$xVenegono$y1$m5D XI 12/4$j177699$B177699$CSeMilBibl$Z2$F188546 $81 996 $6245$aScuola chiama vita$9(OLS)http://semarc/title/325441 LEADER 00570naa a2200157 i 4500 001 000000298634 003 CaOOAMICUS 005 20180831172628.0 008 180831n xx u000 u und u 013 $a6246 040 $aSeMil$bita 100 1 $aBastianel, Sergio,$c.$0(OLS)http://semarc/name/89106 245 13$aIl presbitero e la vita morale. 650 4$aPresbiteri.$0(OLS)http://semarc/subject/2612 773 0 $tPreti.$dCasale Monferrato (AL) : Piemme, 1991.$z88-384-1583-8$w()65202 996 $6245$aIl presbitero e la vita morale$9(OLS)http://semarc/title/374654